Memoria y bases para un proyecto de ley de policía forestal y pastoral / (Record no. 111184)

MARC details
000 -LEADER
campo de control de longitud fija 00438nam a2200145 4500
001 - NÚMERO DE CONTROL
campo de control 111184
003 - IDENTIFICADOR DE NÚMERO DE CONTROL
campo de control ES-MaACL
007 - CAMPO FIJO DE DESCRIPCIÓN FÍSICA--INFORMACIÓN GENERAL
campo de control de longitud fija t|
008 - DATOS DE LONGITUD FIJA--INFORMACIÓN GENERAL
campo de control de longitud fija 061121s1920 sp r ||||1| spa d
100 1# - ENTRADA PRINCIPAL--NOMBRE DE PERSONA
Nombre de persona Olazábal, Domingo.
9 (RLIN) 86679
245 10 - MENCIÓN DEL TÍTULO
Título Memoria y bases para un proyecto de ley de policía forestal y pastoral /
Mención de responsabilidad, etc. Domingo Olazábal.
260 ## - PUBLICACIÓN, DISTRIBUCIÓN, ETC.
Lugar de publicación, distribución, etc. Madrid :
Nombre del editor, distribuidor, etc. Jesús López,
Fecha de publicación, distribución, etc. ]192_?]
300 ## - DESCRIPCIÓN FÍSICA
Extensión 206 p. ;
Dimensiones 16 cm.
852 ## - LOCALIZACIÓN
Ubicación ES-MaACL
Número de control de estantería B-6759
Holdings
Estatus retirado Estado de pérdida Estado de daño No para préstamo Biblioteca de origen Biblioteca actual Ubicación en estantería Fecha de adquisición Fuente de adquisición Total de préstamos Signatura topográfica completa Código de barras Visto por última vez Precio de reemplazo Tipo de ítem Koha
        Biblioteca del Ateneo de Madrid Biblioteca del Ateneo de Madrid Sala Pardo Bazán 17/01/2008     B-6759 1116000 23/02/2023 23/02/2023 Libro impreso